|
|
|
|
| LEADER |
00000nab a2200000 a 4500 |
| 001 |
vtls001509059 |
| 003 |
SK-MaSNL |
| 005 |
20260304144037.0 |
| 008 |
250505s2000 xo 000 0 slo |
| 035 |
|
|
|a SPKCL11386
|
| 035 |
|
|
|a urn:nbn:sk:snk-abd4y3
|
| 035 |
|
|
|a (urnnbn)urn:nbn:sk:snk:ar-007kge
|
| 035 |
|
|
|a (uuid)4f73a5d9-70cd-4875-a4df-d09a6f7fa15a
|
| 040 |
|
|
|a SNKBUCL
|b slo
|c SNKBUCL
|e AACR2
|
| 041 |
0 |
|
|a slo
|
| 044 |
|
|
|a xo
|c SK
|
| 080 |
|
|
|a 371.13:371.133:37.018.54
|2 1981
|
| 100 |
1 |
|
|a Kolláriková, Zuzana
|4 aut
|9 7112
|
| 245 |
1 |
0 |
|a Pedagogická prax v školských kluboch
|c Zuzana Kolláriková
|
| 650 |
0 |
7 |
|a školské kluby detí
|2 snkbucl
|9 71294
|
| 773 |
0 |
|
|t Vychovávateľ : Časopis pedagógov
|g Roč. 45, č. 3 (2000) s. 35-36
|
| 850 |
|
|
|a Slovenská národná knižnica
|
| 852 |
|
|
|a Slovenská národná knižnica
|
| 954 |
|
|
|a odborná, vedecká literatúra pôvodná (slovenská)
|2 lita
|
| 958 |
|
|
|a article17
|
| 958 |
|
|
|a OND
|
| 958 |
|
|
|a EUIPO
|
| 999 |
|
|
|c 2929057
|d 2930987
|